European Countries with Metro / Underground / Subway - Statistics

General Stats
  • This quiz has been taken 335 times
  • The average score is 21 of 23
Answer Stats
Metro Country % Correct
United Kingdom
100%
Spain
99%
France
98%
Sweden
97%
Germany
96%
Italy
95%
Norway
95%
Russia
95%
Belgium
94%
Greece
94%
Portugal
94%
Austria
92%
Finland
92%
Poland
92%
Denmark
91%
Netherlands
91%
Switzerland
89%
Ukraine
89%
Czech Republic
88%
Hungary
88%
Romania
86%
Belarus
83%
Bulgaria
83%
No matching quizzes found
Score Distribution
Percent of People with Each Score
Percentile by Number Answered
Your Score History
You have not taken this quiz